Statistics for All DLC Creatures In ARK: Survival Evolved

Click here to take the quiz!

General Stats

  • This quiz has been taken 24 times
  • The average score is 33 of 67

Answer Stats

Starting LetterMap IntroducedDietAnswer% Correct
BAberrationHerbivoreBulbdog
78%
WScorched EarthCarnivoreWyvern
78%
RAberrationCarnivoreReaper
72%
RAberrationCarnivoreRock Drake
72%
SExtinctionCarnivoreSnow Owl
72%
BGenesisCarnivoreBloodstalker
67%
CCrystal IslesCarnivoreCrystal Wyvern
67%
EExtinctionUnknownEnforcer
67%
FAberrationHerbivoreFeatherlight
67%
KAberrationOmnivoreKarkinos
67%
MExtinctionCarnivoreManagarmr
67%
ALost IslandHerbivoresAmargasaurus
61%
GAberrationHerbivoreGlowtail
61%
GRagnarokCarnivoreGriffin
61%
MGenesisCarnivoreMagmasaur
61%
SGenesis Part 2PiscivoreShadowmane
61%
AFjordurUnknownAndrewsarchus
56%
DValgueroCarnivoreDeinonychus
56%
DExtinctionUnknownDesert Titan
56%
FFjordurCarnivoreFjordhawk
56%
FExtinctionUnknownForest Titan
56%
IExtinctionUnknownIce Titan
56%
JScorched EarthHerbivoreJerboa
56%
KExtinctionUnknownKing Titan
56%
MGenesis Part 2OmnivoreMaewing
56%
MScorched EarthCarnivoreManticore
56%
MScorched EarthHerbivoreMorellatops
56%
RAberrationCarnivoreRavager
56%
RScorched EarthUnknownRock Elemental
56%
RAberrationUnknownRockwell
56%
BAberrationCarnivoreBasilisk
50%
FGenesisHerbivoreFerox
50%
GExtinctionUnknownGacha
50%
GExtinctionHerbivoreGasbags
50%
MGenesisOmnivoreMegachelon
50%
NAberrationCarnivoreNameless
50%
SExtinctionUnknownScout
50%
SAberrationUnknownShinehorn
50%
VExtinctionCarnivoreVelonasaur
50%
AGenesis Part 2UnknownAstrodelphis
44%
DFjordurUnknownDesmodus
44%
GAberrationUnknownGlowbug
44%
JScorched EarthHerbivoreJug Bug
44%
LScorched EarthHerbivoreLymantria
44%
MScorched EarthCarnivoreMantis
44%
RAberrationHerbivoreRoll Rat
44%
AGenesisUnknownAstrocetus
39%
DLost IslandOmnivoreDinopithecus
39%
LAberrationCarnivoreLamprey
39%
TGenesis Part 2UnknownTek Stryder
39%
TScorched EarthCarnivoreThorny Dragon
39%
VGenesis Part 2CarnivoreVoidwyrm
39%
FFjordurUnknownFenrir
33%
IGenesisUnknownInsect Swarm
33%
MExtinctionUnknownMek
33%
NGenesis Part 2UnknownNoglin
33%
PGenesisUnknownParakeet Fish School
33%
SAberrationCarnivoreSeeker
33%
SLost IslandUnknownSinomacrops
33%
TCrystal IslesCarnivoreTropeognathus
33%
VScorched EarthUnknownVulture
33%
CGenesisUnknownCorrupted Master Controller
28%
CCrystal IslesCarnivoreCrystal Wyvern Queen
28%
MGenesisUnknownMoeder
28%
PScorched EarthUnknownPhoenix
28%
SGenesis Part 2UnknownSummoner
28%
MExtinctionUnknownMega Mek
22%

Score Distribution

Percentile by Number Answered

Percent of People with Each Score

Your Score History

You have not taken this quiz